000 00466pab a2200157 454500
008 180718b1996 xxu||||| |||| 00| 0 eng d
100 _aReddy, P.S.
245 _aStrategic management at the local government level: a review of theoretical aspects for effective practice
260 _c1996
300 _ap.74-88
362 _aJul-Dec
650 _aLocal government - Bangladesh
650 _aLocal government
773 _aAdministrative Change
909 _a33403
999 _c33403
_d33403